00505nam a2200193 a 4500001001300000003000900013005001700022008004100039020001000080082001600090100002100106245005200127260003400179300000900213500003500222505001300257650002000270700002100290nice12345678IN_TiNIC20260116012906.0050524s1979 hyda grp 000 0 urd  ac10000a922.97bRAS aRasheed Ud-Din,  aAllama Hairat Badayunib Hayat Aur Adbi Khidmat aHyderabadbAdabi Markazc1979 a125p aincludes index and biblioraphy2 aAppendix aHairat Badayuni1 aRasheed Ud-Din,